000 00935cas a22002295a 4500
001 L137672
008 110513c2010 xxkqr ws ss 000 00eng d
035 _a(Sirsi) u137672
041 0 _aeng
110 2 _aGVA
_95945
245 0 0 _aEconomic and property market review UK
_h[electronic resource]
260 _aLondon
_bGVA
_c2010
362 0 _aQ4 2010-
490 0 _aEconomic and Property Market Review UK
520 _aGives an overview of economic trends impacting on the commercial property market. Highlights recent occupier trends, outlook for occupier market performance, investment performance and market outlook.
554 _aQuarterly
650 2 4 _aGVA GRIMLEY ECONOMIC AND PROPERTY MARKET REVIEW UK
651 4 _aUnited Kingdom
_y
690 _aCommercial property
_96227
856 4 0 _uhttps://www.gva.co.uk/research/economic-and-property-market-review/
_zView the item free of charge at www.gva.co.uk
942 _n0
999 _c118908
_d118908